Fool's gold how unrestrained greed corrupted a dream, shattered global markets and unleashed a catastrophe
Gespeichert in:
| 1. Verfasser: | |
|---|---|
| Format: | Buch |
| Sprache: | Englisch |
| Veröffentlicht: |
London
Abacus
2010
|
| Schlagworte: | |
| Tags: |
Keine Tags, Fügen Sie das erste Tag hinzu!
|
MARC
| LEADER | 00000nam a2200000 4500 | ||
|---|---|---|---|
| 001 | 0193087 | ||
| 005 | 20240312115652.3 | ||
| 020 | |a 978-0-349-12189-5 | ||
| 041 | 0 | |a eng | |
| 044 | |a GB | ||
| 245 | 1 | 0 | |a Fool's gold |b how unrestrained greed corrupted a dream, shattered global markets and unleashed a catastrophe |c Gillian Tett |
| 264 | 1 | |a London |b Abacus |c 2010 | |
| 300 | |a xxii, 356 s. | ||
| 610 | 2 | 0 | |a trh finančný medzinárodný |
| 610 | 2 | 0 | |a banky |
| 610 | 2 | 0 | |a kríza finančná |
| 100 | 1 | |a Tett, Gillian | |